A Survey of Research Concerns on Women's Issues /
Guardado en:
| Hovedforfatter: | |
|---|---|
| Andre forfattere: | |
| Format: | Bog |
| Sprog: | engelsk |
| Fag: | |
| Tags: |
Ingen Tags, Vær først til at tagge denne postø!
|
MARC
| LEADER | 00000nam^a2200000^a^4500 | ||
|---|---|---|---|
| 001 | 000190929 | ||
| 005 | 20250521000000.0 | ||
| 009 | 20260310102510.024 | ||
| 037 | |a Acervo ITESO - Biblioteca | ||
| 041 | |a ING | ||
| 082 | |a 305. 420973 |b DAN | ||
| 100 | |a Daniels, Arlene Kaplan |e (autor) | ||
| 245 | 1 | 2 | |a A Survey of Research Concerns on Women's Issues / |c A.K. Daniels ; ed. de L. Kent. |
| 264 | |a Washington, EUA : |b Association of American Colleges, |c 1975 | ||
| 300 | |a IV, 43 p. | ||
| 336 | |a texto |b txt |2 rdacontenido | ||
| 337 | |a sin mediación |b n |2 rdamedio | ||
| 338 | |a volumen |b nc |2 rdasoporte | ||
| 649 | |a XX | ||
| 650 | |a Mujeres - |z EUA - |x Investigación - |x Tema Principal | ||
| 650 | |a Mujeres - |z EUA - |x Bibliografías | ||
| 650 | |a Mujeres - |z EUA - |x Condiciones Sociales y Culturales | ||
| 650 | |a Feminismo - |z EUA | ||
| 650 | |a Movimientos Sociales - |z EUA | ||
| 650 | |a Prácticas Académicas - |z EUA | ||
| 650 | |a Investigación Educativa - |z EUA | ||
| 650 | |a Educación - |z EUA | ||
| 650 | |a Socialización - |z EUA | ||
| 650 | |a Empleo y Desempleo - |z EUA | ||
| 650 | |a Matrimonio - |z EUA | ||
| 650 | |a Relaciones de Pareja - |z EUA | ||
| 650 | |a Relaciones Familiares - |z EUA | ||
| 650 | |a Familia - |z EUA | ||
| 650 | |a Salud Pública - |z EUA | ||
| 650 | |a Sociología de la Educación | ||
| 650 | |a Sociología Laboral | ||
| 650 | |a Sociología de la Economía | ||
| 650 | |a Sociología de la Cultura | ||
| 650 | |a Ciencias Sociales - |z EUA - |x Investigación | ||
| 700 | |a Kent, Laura |e (edición) | ||
| 910 | |a Fondo General | ||
| 920 | |a Impresos - Libros | ||
| 930 | |a Colección General | ||
| 905 | |a 101 | ||
| 901 | |a 0500134207 |b IT1 |c ACC |u 20250521 | ||
| 902 | |a https://opac.biblio.iteso.mx/vufind/Record/000190929 | ||